000 01310nam a2200313 4500
001 0000016959
003 CO-CtgCURN
005 20250331185244.0
007 ta
008 160627s2010 000 0 eng d
020 _a9786071705167
040 _aCO-CtgCURN
_bspa
_ccoctgcurn
082 0 _a657.42
_bH876
100 1 _aHuicochea Alsina, Emilio.
245 1 0 _aContabilidad de costos /
_cEmilio Huicochea Alsina, Emilio Huicochea Alvarado.
250 _a3a ed.
260 _aMexico :
_bTrillas,
_c2010.
300 _a215 p.
336 _2rdacontent
337 _2rdamedia
_asin mediacion
_bn
338 _2rdacarrier
_avolumen
_bnc
504 _aincluye indice y bibliografia (p. 209)
505 8 _aEl area de la contabilidad de costos.--Los costos y sus elementos. La relacion cost-volumen-utilidad.--Contabilidad y control de materiales.--Contabilizacion y control de la mano de obra.--Contabilizacion y control de cargos indirectos.--Costeo basado en actividades ABC.--Sistemas de costos y su clasdificacion de acuerdo con los regimenes y caracteristicas de la producción
650 1 4 _aContabilidad de costos.
700 1 _aHuicochea Alvarado, Emilio.
908 _a160627
942 _cBK
_h657.42
_iH876
_2ddc
999 _c24319
_d24319